[Event "PRO League KO Stage 2020"]
[Site "chess.com INT"]
[Date "2020.03.02"]
[Round "1"]
[White "Harikrishna, Pentala"]
[Black "Narayanan, Srinath"]
[Result "0-1"]
[WhiteTitle "GM"]
[BlackTitle "GM"]
[WhiteElo "2719"]
[BlackElo "2540"]
[WhiteTeam "India Yogis"]
[BlackTeam "Norway Gnomes"]
[WhiteFideId "5007003"]
[BlackFideId "5018420"]
[EventDate "2020.03.02"]

1. d4 Nf6 2. c4 e6 3. g3 d5 4. Bg2 Be7 5. Nf3 O-O 6. O-O dxc4 7. Qc2 a6 8. a4
Bd7 9. Qxc4 Bc6 10. Bf4 Bd6 11. Qc1 a5 12. Nc3 Na6 13. Bd2 Nb4 14. Qb1 Nbd5 15.
Re1 Nxc3 16. bxc3 Be4 17. Qb2 Ra6 18. Bg5 Rb6 19. Qd2 Be7 20. Bxf6 Bxf6 21. Qe3
Bc6 22. Nd2 Bxg2 23. Kxg2 Bg5 24. f4 Be7 25. Qf3 c5 26. Nc4 Rb3 27. dxc5 Bxc5
28. Rab1 Rxb1 29. Rxb1 b6 30. Ne5 h6 31. Nd3 Qc7 32. Rb5 Bd6 33. Nf2 Rc8 34. Ne4
Be7 35. g4 Qc4 36. Rxb6 Qxa4 37. f5 exf5 38. gxf5 f6 39. Rb7 Re8 40. Ng3 Qc4 41.
Nh5 Bf8 42. Kf1 Qe4 43. Qxe4 Rxe4 44. Ra7 a4 45. Kg2 Rh4 46. Ng3 Rc4 47. e3 a3
48. Ne2 Re4 49. Kf3 Rxe3+ 50. Kxe3 Bc5+ 51. Kd3 Bxa7 52. Kc2 Kf7 53. Kb3 Bc5 54.
Nf4 Bd6 55. Ng6 Bxh2 56. Kxa3 Bg3 57. Kb3 h5 58. Kc2 h4 0-1

[Event "PRO League KO Stage 2020"]
[Site "chess.com INT"]
[Date "2020.03.02"]
[Round "1"]
[White "Adhiban, Baskaran"]
[Black "Niemann, Hans Moke"]
[Result "0-1"]
[WhiteTitle "GM"]
[BlackTitle "IM"]
[WhiteElo "2659"]
[BlackElo "2459"]
[WhiteTeam "India Yogis"]
[BlackTeam "Norway Gnomes"]
[WhiteFideId "5018471"]
[BlackFideId "2093596"]
[EventDate "2020.03.02"]

1. Nf3 d5 2. c4 c6 3. d4 Nf6 4. Nc3 dxc4 5. e4 b5 6. Be2 Bg4 7. h3 Bxf3 8. Bxf3
e6 9. a4 b4 10. Nb1 e5 11. Be3 Nbd7 12. O-O Qc7 13. Nd2 c3 14. bxc3 bxc3 15. Nc4
Bb4 16. dxe5 Nxe5 17. Bf4 Nxf3+ 18. Qxf3 Qe7 19. e5 Nd5 20. Nd6+ Bxd6 21. exd6
Qf6 22. Qe4+ Kd7 23. Bg3 h5 24. Rab1 Rab8 25. Rfe1 Rb2 26. Qd3 Qg6 27. Qa6 Qxb1
28. Rxb1 Rxb1+ 29. Kh2 c2 30. Qxa7+ Ke6 31. Bf4 c1=Q 32. Bxc1 Rxc1 33. a5 Rd8
34. a6 Ra1 35. Qb7 Rd7 36. Qb8 Rxa6 37. f4 Raa7 38. Qe8+ Kxd6 39. Qe5+ Kc5 40.
Qxg7 Ra2 41. Qg5 Re7 42. Kg3 Ree2 43. Kh4 Rxg2 44. Qd8 Raf2 45. Qf8+ Kd4 46.
Qxf7 c5 47. Qf5 Re2 48. Qd7 Rgf2 49. Qg7+ Kd3 50. Qg3+ Kc4 51. Qg8 Rxf4+ 52.
Kxh5 Re5+ 53. Kh6 Rf6+ 54. Kh7 Rh5+ 55. Kg7 Rg5+ 0-1

[Event "PRO League KO Stage 2020"]
[Site "chess.com INT"]
[Date "2020.03.02"]
[Round "1"]
[White "Christiansen, Johan-Sebastian"]
[Black "Narayanan, S.L."]
[Result "0-1"]
[WhiteTitle "GM"]
[BlackTitle "GM"]
[WhiteElo "2609"]
[BlackElo "2618"]
[WhiteTeam "Norway Gnomes"]
[BlackTeam "India Yogis"]
[WhiteFideId "1512668"]
[BlackFideId "5058422"]
[EventDate "2020.03.02"]

1. Nf3 Nf6 2. c4 c5 3. g3 d5 4. cxd5 Nxd5 5. Nc3 g6 6. Bg2 Bg7 7. Qa4+ Nc6 8.
O-O Nb6 9. Qh4 h6 10. d3 g5 11. Qh5 Bf5 12. Nh4 Bh7 13. Bxc6+ bxc6 14. Ng2 c4
15. Qf3 cxd3 16. Rd1 O-O 17. exd3 Nd5 18. Ne4 Rb8 19. h4 g4 20. Qe2 f5 21. Nc5
e5 22. Ne6 Qd7 23. Nxf8 Rxf8 24. d4 f4 25. Qc4 fxg3 26. fxg3 Rf3 27. Kh2 Qf7 28.
dxe5 Rxg3 29. Kxg3 Qf3+ 30. Kh2 g3+ 31. Kg1 Qxd1+ 32. Qf1 Qd4+ 33. Kh1 Qg4 34.
Kg1 Be4 35. Nf4 Nxf4 36. Bxf4 Qxh4 37. Qc4+ Bd5 0-1

[Event "PRO League KO Stage 2020"]
[Site "chess.com INT"]
[Date "2020.03.02"]
[Round "1"]
[White "Erigaisi, Arjun"]
[Black "Aravindh, Chithambaram VR."]
[Result "0-1"]
[WhiteTitle "GM"]
[BlackTitle "GM"]
[WhiteElo "2559"]
[BlackElo "2641"]
[WhiteTeam "Norway Gnomes"]
[BlackTeam "India Yogis"]
[WhiteFideId "35009192"]
[BlackFideId "5072786"]
[EventDate "2020.03.02"]

1. d4 d5 2. c4 dxc4 3. Nf3 Nf6 4. e3 Bg4 5. Bxc4 e6 6. h3 Bh5 7. O-O Nbd7 8. b3
Bd6 9. Bb2 O-O 10. Nbd2 Qe7 11. g4 Bg6 12. Ne5 c5 13. f4 cxd4 14. exd4 Nb6 15.
Qf3 Bb4 16. Rad1 Rad8 17. Rfe1 Bc2 18. g5 Nfd7 19. Ng4 Bxd1 20. Rxd1 Bxd2 21.
Rxd2 Nxc4 22. bxc4 Qb4 23. Rg2 Qxc4 24. Nh6+ gxh6 25. d5 h5 26. g6 fxg6 27. Qxh5
Qe4 28. f5 Qxg2+ 29. Kxg2 gxh5 30. fxe6 Nb6 0-1

[Event "PRO League KO Stage 2020"]
[Site "chess.com INT"]
[Date "2020.03.02"]
[Round "1"]
[White "Christiansen, Johan-Sebastian"]
[Black "Adhiban, Baskaran"]
[Result "0-1"]
[WhiteTitle "GM"]
[BlackTitle "GM"]
[WhiteElo "2609"]
[BlackElo "2659"]
[WhiteTeam "Norway Gnomes"]
[BlackTeam "India Yogis"]
[WhiteFideId "1512668"]
[BlackFideId "5018471"]
[EventDate "2020.03.02"]

1. Nf3 c5 2. c4 g6 3. g3 Bg7 4. Bg2 Nc6 5. Nc3 e6 6. h4 h6 7. d4 Nxd4 8. Nxd4
cxd4 9. Ne4 d5 10. Qa4+ Kf8 11. Qa3+ Qe7 12. Nd6 Be5 13. Bf4 Bxf4 14. gxf4 Nf6
15. Rc1 Bd7 16. cxd5 exd5 17. Rc7 d3 18. e3 d4 19. e4 Rd8 20. Rxb7 Nh5 21. Bf3
Nxf4 22. Rxa7 Kg8 23. Nb7 Qxa3 24. Rxa3 Rc8 25. O-O Kg7 26. Nd6 Rc2 27. Ra7 Be6
28. b4 Rxa2 29. Rxa2 Bxa2 30. b5 Kf6 31. b6 Rb8 32. Ra1 Rxb6 33. Rxa2 Rxd6 34.
Ra7 Rb6 35. Kh2 Rb2 36. Kg3 Ne2+ 37. Kg2 Rb1 38. Rd7 Ke6 39. Rd8 Ke7 40. Ra8 Nc3
41. Ra7+ Kf6 42. Ra6+ Kg7 43. e5 d2 44. Ra7 Re1 45. Rd7 d1=Q 46. Bxd1 Rxd1 47.
e6 Kf6 48. exf7 Kg7 49. Kf3 Rd3+ 50. Kf4 Rh3 51. Kg4 Rh1 52. Rxd4 Rg1+ 53. Kf3
Kxf7 54. Rd7+ Ke6 55. Rh7 h5 56. Rg7 Nd5 57. Rg8 Nf6 58. Ra8 Rg4 59. Ra6+ Kf7
60. Ra7+ Kg8 61. Ra8+ Kg7 62. Ra7+ Kh6 63. Rf7 Ne8 64. Re7 Nd6 65. Rd7 Nf5 66.
Rd8 Nxh4+ 67. Ke2 Nf5 68. Kf1 Kg5 69. f4+ Rxf4+ 70. Kg2 Kg4 71. Kh1 Kh3 72. Rd1
Ng3+ 73. Kg1 Rf1+ 0-1

[Event "PRO League KO Stage 2020"]
[Site "chess.com INT"]
[Date "2020.03.02"]
[Round "1"]
[White "Narayanan, S.L."]
[Black "Niemann, Hans Moke"]
[Result "0-1"]
[WhiteTitle "GM"]
[BlackTitle "IM"]
[WhiteElo "2618"]
[BlackElo "2459"]
[WhiteTeam "India Yogis"]
[BlackTeam "Norway Gnomes"]
[WhiteFideId "5058422"]
[BlackFideId "2093596"]
[EventDate "2020.03.02"]

1. c4 g6 2. Nc3 c5 3. Nf3 Bg7 4. g3 Nc6 5. Bg2 Nf6 6. d4 O-O 7. dxc5 Qa5 8. O-O
Qxc5 9. b3 d6 10. Bg5 Bf5 11. Be3 Qa5 12. Bd2 Qc5 13. Na4 Qa3 14. Bc3 d5 15.
cxd5 Rfd8 16. Nd2 Nxd5 17. Bxg7 Kxg7 18. e4 Nf6 19. exf5 Qb4 20. Bxc6 bxc6 21.
fxg6 hxg6 22. Qf3 Qxd2 23. Rfd1 Qc2 24. Rdc1 Qe4 25. Qxe4 Nxe4 26. Rc2 Rd2 27.
Rxd2 Nxd2 28. Kg2 Rd8 29. Nc5 Rd5 30. Rc1 g5 31. f3 e6 32. Kf2 g4 33. Ne4 Nxf3
34. Rxc6 f5 35. Nc5 e5 36. h4 Rd2+ 37. Ke3 Rxa2 38. Ne6+ Kf7 39. Ng5+ Nxg5 40.
hxg5 Rg2 41. Rf6+ Kg7 42. Rxf5 Rxg3+ 43. Ke4 Rxb3 44. Rxe5 g3 45. Kf4 g2 46. Re1
a5 47. Rg1 Rb2 48. Kg3 a4 49. Kh2 a3 50. Rc1 g1=Q+ 51. Kxg1 a2 0-1

[Event "PRO League KO Stage 2020"]
[Site "chess.com INT"]
[Date "2020.03.02"]
[Round "1"]
[White "Harikrishna, Pentala"]
[Black "Christiansen, Johan-Sebastian"]
[Result "0-1"]
[WhiteTitle "GM"]
[BlackTitle "GM"]
[WhiteElo "2719"]
[BlackElo "2609"]
[WhiteTeam "India Yogis"]
[BlackTeam "Norway Gnomes"]
[WhiteFideId "5007003"]
[BlackFideId "1512668"]
[EventDate "2020.03.02"]

1. e4 e6 2. d4 d5 3. Nd2 c5 4. exd5 Qxd5 5. dxc5 Nf6 6. Ngf3 Qxc5 7. Bd3 Be7 8.
O-O Qc7 9. Qe2 b6 10. Ne4 Bb7 11. Nxf6+ Bxf6 12. Ng5 Nd7 13. Rd1 h6 14. Ne4 Be5
15. Bb5 O-O-O 16. Ng3 Nf6 17. Be3 h5 18. c4 h4 19. Nf1 Kb8 20. h3 Ne4 21. Rac1
f5 22. f3 Rxd1 23. Rxd1 Nd6 24. c5 bxc5 25. Bd3 Rc8 26. b3 Bf6 27. Ba6 c4 28.
Bxb7 Nxb7 29. bxc4 Qxc4 30. Qf2 Qa4 31. Qd2 Rd8 0-1

[Event "PRO League KO Stage 2020"]
[Site "chess.com INT"]
[Date "2020.03.02"]
[Round "1"]
[White "Adhiban, Baskaran"]
[Black "Erigaisi, Arjun"]
[Result "1-0"]
[WhiteTitle "GM"]
[BlackTitle "GM"]
[WhiteElo "2659"]
[BlackElo "2559"]
[WhiteTeam "India Yogis"]
[BlackTeam "Norway Gnomes"]
[WhiteFideId "5018471"]
[BlackFideId "35009192"]
[EventDate "2020.03.02"]

1. d4 Nf6 2. c4 e6 3. Nf3 d5 4. Bg5 h6 5. Bxf6 Qxf6 6. Nbd2 Bb4 7. g3 c5 8. Bg2
O-O 9. O-O dxc4 10. Nxc4 cxd4 11. Qxd4 Qe7 12. Rfd1 Nc6 13. Qf4 g5 14. Qe3 Bc5
15. Qc3 f6 16. a3 e5 17. e3 Be6 18. b4 Bb6 19. Rac1 Rfd8 20. Nfd2 Rac8 21. Qb2
Kg7 22. h3 Rc7 23. Nxb6 axb6 24. Ne4 Rxd1+ 25. Rxd1 Rd7 26. Rc1 Qd8 27. g4 Rd1+
28. Kh2 Rxc1 29. Qxc1 Qd3 30. b5 Qxb5 31. Nd6 Qe2 32. Nxb7 Bc4 33. Bxc6 Qxf2+
34. Bg2 Bd5 35. Qg1 Qb2 36. Nd6 Kg6 37. Qf1 Bxg2 38. Qxg2 Qxa3 39. Qe4+ Kg7 40.
Qb7+ Kh8 41. Qc8+ Kh7 42. Qd7+ Kh8 43. Qe8+ Kh7 44. Qf7+ Kh8 45. Nf5 Qa2+ 46.
Qxa2 1-0

[Event "PRO League KO Stage 2020"]
[Site "chess.com INT"]
[Date "2020.03.02"]
[Round "1"]
[White "Narayanan, Srinath"]
[Black "Narayanan, S.L."]
[Result "1/2-1/2"]
[WhiteTitle "GM"]
[BlackTitle "GM"]
[WhiteElo "2540"]
[BlackElo "2618"]
[WhiteTeam "Norway Gnomes"]
[BlackTeam "India Yogis"]
[WhiteFideId "5018420"]
[BlackFideId "5058422"]
[EventDate "2020.03.02"]

1. c4 g6 2. Nc3 Bg7 3. b3 e5 4. Bb2 Nc6 5. g3 d6 6. Bg2 f5 7. d3 Nf6 8. e3 Be6
9. d4 Bf7 10. Bxc6+ bxc6 11. dxe5 Ng4 12. exd6 cxd6 13. Nf3 O-O 14. Na4 Bxb2 15.
Nxb2 c5 16. h3 Nf6 17. Ng5 Qd7 18. Nxf7 Rxf7 19. Nd3 Qc6 20. O-O g5 21. Qe2 Re8
22. Rfe1 Rg7 23. Qb2 Rg6 24. f4 Ne4 25. Kh2 Rh6 26. Qg2 Qd7 27. Nf2 g4 28. h4
Rhe6 29. Nxe4 Rxe4 30. Rad1 R8e6 31. Rd3 Qe7 32. Qd2 Kg7 33. Kg2 Qb7 34. Kf2 a5
35. Qxa5 Rxc4 36. bxc4 Qf3+ 37. Kg1 Qxg3+ 38. Kf1 Qf3+ 39. Kg1 Qg3+ 40. Kf1 1/2-1/2

[Event "PRO League KO Stage 2020"]
[Site "chess.com INT"]
[Date "2020.03.02"]
[Round "1"]
[White "Niemann, Hans Moke"]
[Black "Aravindh, Chithambaram VR."]
[Result "0-1"]
[WhiteTitle "IM"]
[BlackTitle "GM"]
[WhiteElo "2459"]
[BlackElo "2641"]
[WhiteTeam "Norway Gnomes"]
[BlackTeam "India Yogis"]
[WhiteFideId "2093596"]
[BlackFideId "5072786"]
[EventDate "2020.03.02"]

1. e4 c5 2. Nf3 d6 3. d4 cxd4 4. Nxd4 Nf6 5. Nc3 Nbd7 6. Be3 a6 7. a4 e6 8. g4
h5 9. g5 Ng4 10. Bc1 Nge5 11. f4 Nc6 12. Be3 Nxd4 13. Qxd4 e5 14. Qd2 exf4 15.
Bxf4 Ne5 16. O-O-O Be6 17. Nd5 Rc8 18. Qb4 Bxd5 19. Rxd5 Qc7 20. Qb3 Be7 21. h4
O-O 22. Bh3 Rcd8 23. Rhd1 g6 24. Kb1 Nc4 25. R1d3 Qc6 26. Rc3 b5 27. axb5 axb5
28. Rxb5 Qxe4 29. Qxc4 Qe1+ 30. Bc1 Ra8 31. Rbb3 d5 32. Qf1 Qe4 33. Qf4 Qh1 34.
Rc7 Qe1 35. Rbb7 Qa5 36. Ra7 Rxa7 37. Rxa7 Qxa7 38. Be3 Qa6 39. Bd4 Ra8 40. b3
Qe2 41. Qc1 Bd6 42. Bf1 Qe4 43. Bb2 Be5 44. Bg2 Bxb2 45. Kxb2 Qd4+ 0-1

[Event "PRO League KO Stage 2020"]
[Site "chess.com INT"]
[Date "2020.03.04"]
[Round "1"]
[White "Lagarde, Maxime"]
[Black "Fedoseev, Vladimir3"]
[Result "0-1"]
[WhiteTitle "GM"]
[BlackTitle "GM"]
[WhiteElo "2658"]
[BlackElo "2678"]
[WhiteTeam "France Roosters"]
[BlackTeam "New York Marshalls"]
[WhiteFideId "662399"]
[BlackFideId "24130737"]
[EventDate "2020.03.02"]

1. e4 c6 2. d4 d5 3. exd5 cxd5 4. Bf4 Nc6 5. c3 Bf5 6. Nd2 e6 7. Qb3 Qd7 8. Ngf3
f6 9. Be2 g5 10. Bg3 Nge7 11. Nf1 h5 12. h4 g4 13. N3d2 Bh6 14. Ne3 Bg6 15. O-O
O-O 16. f4 e5 17. Bb5 Qd6 18. Bxc6 bxc6 19. Qa3 Qxa3 20. bxa3 Bd3 21. Rf2 Ng6 0-1

[Event "PRO League KO Stage 2020"]
[Site "chess.com INT"]
[Date "2020.03.04"]
[Round "1"]
[White "Guseinov, Gadir"]
[Black "Bacrot, Etienne"]
[Result "1/2-1/2"]
[WhiteTitle "GM"]
[BlackTitle "GM"]
[WhiteElo "2665"]
[BlackElo "2673"]
[WhiteTeam "New York Marshalls"]
[BlackTeam "France Roosters"]
[WhiteFideId "13401378"]
[BlackFideId "605506"]
[EventDate "2020.03.02"]

1. e4 c6 2. d4 d5 3. Nd2 dxe4 4. Nxe4 Nd7 5. c3 Ngf6 6. Nxf6+ Nxf6 7. Bc4 Qc7 8.
Qf3 e6 9. Bf4 Bd6 10. Ne2 Bxf4 11. Qxf4 Qxf4 12. Nxf4 b6 13. O-O-O Ke7 14. Rhe1
Rd8 15. Nd3 Bb7 16. f4 Kf8 17. g3 Rac8 18. Ne5 Nd7 19. f5 Nxe5 20. Rxe5 exf5 21.
Rxf5 Rc7 22. Rg1 Re8 23. Rgf1 Ree7 24. a4 Bc8 25. R5f4 Be6 1/2-1/2

[Event "PRO League KO Stage 2020"]
[Site "chess.com INT"]
[Date "2020.03.04"]
[Round "1"]
[White "Fedoseev, Vladimir3"]
[Black "Gozzoli, Yannick"]
[Result "1-0"]
[WhiteTitle "GM"]
[BlackTitle "GM"]
[WhiteElo "2678"]
[BlackElo "2599"]
[WhiteTeam "New York Marshalls"]
[BlackTeam "France Roosters"]
[WhiteFideId "24130737"]
[BlackFideId "616915"]
[EventDate "2020.03.02"]

1. d4 d5 2. Bf4 Bf5 3. e3 e6 4. Bd3 Nf6 5. Nf3 Be7 6. Bxf5 exf5 7. Qd3 Qc8 8. c4
dxc4 9. Qxc4 c6 10. Nc3 Nbd7 11. Rc1 Nb6 12. Qb3 O-O 13. O-O Nfd5 14. Bg3 a5 15.
Nxd5 Nxd5 16. a3 a4 17. Qc2 Qe6 18. Rfe1 Bf6 19. Ne5 Bxe5 20. dxe5 Rfd8 21. e4
fxe4 22. Rxe4 Qf5 23. h3 Nc7 24. Kh2 Ne6 25. f3 c5 26. Rd1 b5 27. Bh4 g5 28. Bf2
h6 29. Rd6 Rxd6 30. exd6 Qd5 31. Bg3 Qb3 32. Qd2 Rd8 33. h4 c4 34. hxg5 c3 35.
bxc3 Nxg5 36. Rg4 Kf8 37. Qd4 1-0

[Event "PRO League KO Stage 2020"]
[Site "chess.com INT"]
[Date "2020.03.04"]
[Round "1"]
[White "Vachier-Lagrave, Maxime"]
[Black "Guseinov, Gadir"]
[Result "1-0"]
[WhiteTitle "GM"]
[BlackTitle "GM"]
[WhiteElo "2767"]
[BlackElo "2665"]
[WhiteTeam "France Roosters"]
[BlackTeam "New York Marshalls"]
[WhiteFideId "623539"]
[BlackFideId "13401378"]
[EventDate "2020.03.02"]

1. e4 c5 2. Nf3 Nc6 3. Bb5 d6 4. O-O Bd7 5. c3 Nf6 6. Re1 a6 7. Bc4 Rc8 8. d4
Bg4 9. dxc5 Bxf3 10. Qxf3 Ne5 11. Qe2 Nxc4 12. Qxc4 Rxc5 13. Qd3 g6 14. Be3 Rc8
15. Na3 Qc7 16. Rad1 Bg7 17. Bd4 O-O 18. Nc2 Qc4 19. Qxc4 Rxc4 20. e5 dxe5 21.
Bxe5 e6 22. Ne3 Rc6 23. Rd4 Nh5 24. Bxg7 Kxg7 25. g4 Nf6 26. g5 Ng8 27. Rd7 b5
28. Ng4 Rc4 29. h3 h5 30. Ne5 Rf4 31. Nc6 Re8 32. Ra7 Rf5 33. Re5 Rxe5 34. Nxe5
Ne7 35. Kf1 h4 36. Ke2 a5 37. Rxa5 Nd5 38. Ra7 Rf8 39. Kf3 Kg8 40. Rb7 Ra8 41.
a3 Rf8 42. Rxb5 f6 43. Nd7 Rf7 44. Nxf6+ Nxf6 45. gxf6 Rxf6+ 46. Kg2 1-0

[Event "PRO League KO Stage 2020"]
[Site "chess.com INT"]
[Date "2020.03.04"]
[Round "1"]
[White "Bacrot, Etienne"]
[Black "Moranda, Wojciech"]
[Result "1/2-1/2"]
[WhiteTitle "GM"]
[BlackTitle "GM"]
[WhiteElo "2673"]
[BlackElo "2605"]
[WhiteTeam "France Roosters"]
[BlackTeam "New York Marshalls"]
[WhiteFideId "605506"]
[BlackFideId "1122401"]
[EventDate "2020.03.02"]

1. d4 Nf6 2. c4 e6 3. Nf3 d5 4. Nc3 c6 5. Bg5 Nbd7 6. e3 Qa5 7. Nd2 Bb4 8. Qc2
O-O 9. Be2 c5 10. O-O cxd4 11. Nb3 Qd8 12. Nxd4 Bxc3 13. bxc3 dxc4 14. Bxc4 Qe7
15. Bh4 Ne5 16. Bb3 Ng6 17. Bg3 Nh5 18. Rfd1 Nxg3 19. hxg3 b6 20. a4 Bb7 21. a5
bxa5 22. Rxa5 Rfc8 23. Rda1 a6 24. Rh5 Rc7 25. Qb2 Rac8 26. c4 Nf8 27. Rha5 Nd7
28. Bc2 g6 29. Rb1 e5 30. Nf3 Bxf3 31. gxf3 Rxc4 32. Bd3 R4c6 33. Rxa6 Rxa6 34.
Bxa6 Rb8 1/2-1/2

[Event "PRO League KO Stage 2020"]
[Site "chess.com INT"]
[Date "2020.03.04"]
[Round "1"]
[White "Vachier-Lagrave, Maxime"]
[Black "Fedoseev, Vladimir3"]
[Result "1/2-1/2"]
[WhiteTitle "GM"]
[BlackTitle "GM"]
[WhiteElo "2767"]
[BlackElo "2678"]
[WhiteTeam "France Roosters"]
[BlackTeam "New York Marshalls"]
[WhiteFideId "623539"]
[BlackFideId "24130737"]
[EventDate "2020.03.02"]

1. Nf3 d5 2. g3 Nd7 3. d4 Nb6 4. Bg2 Bf5 5. O-O e6 6. a4 a5 7. b3 c6 8. Ne5 Nf6
9. Nd2 Be7 10. Bb2 O-O 11. Re1 Nbd7 12. Nd3 b5 13. axb5 cxb5 14. c4 Rc8 15. c5
Nb8 16. Ne5 Ng4 17. Nxg4 Bxg4 18. Nb1 Nc6 19. Qd2 Bg5 20. e3 b4 21. Qd3 f5 22.
Nd2 Bf6 23. f4 g5 24. Nf3 h6 25. Ne5 Bxe5 26. dxe5 Qe7 27. Bd4 Kh8 28. Ra2 Rg8
29. Rf2 Ra8 30. Ra1 Bh5 31. Bf1 Be8 32. Kh1 h5 33. fxg5 Rxg5 34. Be2 Qh7 35. Rf4
Ra7 36. Bb2 Kg8 37. Qd2 Qe7 38. Rh4 Qd8 39. Bd4 Rag7 40. Qd1 Rg4 41. Rxg4 hxg4
42. Qf1 Rh7 43. Qf4 Qe7 44. Ra2 Qd8 45. Kg1 Rb7 46. Qh6 Bf7 47. Bd3 Qf8 48. Qf4
Qg7 49. Ba1 Kf8 50. Bxf5 exf5 51. e6 Qg6 52. exf7 Rxf7 53. Rd2 Qe6 54. Kf2 Ke7
55. Qc7+ Ke8 56. Qd6 Qxd6 57. cxd6 Kd7 58. Rxd5 Ke6 59. Rb5 Kxd6 60. Bd4 Ke6 61.
Kf1 Rd7 62. Ke1 Nxd4 63. exd4 Rxd4 64. Rxa5 Rd3 65. Rb5 Rxb3 66. Kd2 Kf6 67. Kc2
Rc3+ 68. Kd2 Rc4 69. Kd3 Re4 70. Rb6+ Kg5 71. Rb8 Kg6 72. Rb6+ Kf7 73. Rb5 Kf6
74. Rb6+ Kg5 75. Rb8 1/2-1/2

[Event "PRO League KO Stage 2020"]
[Site "chess.com INT"]
[Date "2020.03.04"]
[Round "1"]
[White "Guseinov, Gadir"]
[Black "Gozzoli, Yannick"]
[Result "0-1"]
[WhiteTitle "GM"]
[BlackTitle "GM"]
[WhiteElo "2665"]
[BlackElo "2599"]
[WhiteTeam "New York Marshalls"]
[BlackTeam "France Roosters"]
[WhiteFideId "13401378"]
[BlackFideId "616915"]
[EventDate "2020.03.02"]

1. e4 e5 2. Nf3 Nc6 3. Bb5 a6 4. Bxc6 dxc6 5. O-O Ne7 6. Nxe5 Qd4 7. Qh5 g6 8.
Nf3 Qxe4 9. Nc3 Qf5 10. Qh4 Bg7 11. Re1 Be6 12. d3 Qg4 13. Qg5 Qxg5 14. Bxg5 h6
15. Bf4 O-O-O 16. Be5 Bxe5 17. Rxe5 Nf5 18. Rae1 Nd4 19. Nxd4 Rxd4 20. a3 b6 21.
Ne2 Rdd8 22. Nf4 Bd7 23. f3 Rde8 24. d4 a5 25. Kf2 Kd8 26. h4 Rhg8 27. g4 Rxe5
28. Rxe5 Re8 29. Nd3 f6 30. Rxe8+ Kxe8 31. Ke3 Ke7 32. Kf4 g5+ 33. hxg5 hxg5+
34. Ke3 Be8 35. f4 gxf4+ 36. Nxf4 Kd6 37. Nh5 Ke7 38. Kf4 Bg6 39. c3 a4 40. Ng3
Ke6 41. Nf1 Kd6 42. Ne3 c5 43. Nf5+ Ke6 44. dxc5 Bxf5 45. cxb6 cxb6 46. gxf5+
Kd5 47. Ke3 Ke5 48. c4 Kxf5 49. Kd4 Kg4 50. Kd5 f5 51. Kc6 f4 52. Kxb6 f3 53. c5
f2 54. c6 f1=Q 55. c7 Qf2+ 56. Ka6 Qc2 57. Kb7 Qb3+ 58. Ka7 Qc4 59. Kb7 Qb5+ 60.
Ka7 Qc6 61. Kb8 Qb6+ 62. Kc8 Kf5 63. Kd7 Qe6+ 64. Kd8 Qd6+ 65. Kc8 Ke6 66. Kb7
Qd5+ 67. Kb8 Qb5+ 0-1

[Event "PRO League KO Stage 2020"]
[Site "chess.com INT"]
[Date "2020.03.04"]
[Round "1"]
[White "Moranda, Wojciech"]
[Black "Lagarde, Maxime"]
[Result "0-1"]
[WhiteTitle "GM"]
[BlackTitle "GM"]
[WhiteElo "2605"]
[BlackElo "2658"]
[WhiteTeam "New York Marshalls"]
[BlackTeam "France Roosters"]
[WhiteFideId "1122401"]
[BlackFideId "662399"]
[EventDate "2020.03.02"]

1. d4 f5 2. Bg5 h6 3. Bh4 g5 4. e3 Nf6 5. Bg3 d6 6. Be2 Be6 7. c4 Bg7 8. Nc3 Bf7
9. Nf3 e6 10. c5 Nc6 11. cxd6 cxd6 12. h3 O-O 13. O-O Ne7 14. Nd2 Ng6 15. Nc4 f4
16. exf4 gxf4 17. Bh2 a6 18. Bf3 Rc8 19. Nd2 d5 20. Re1 Nh7 21. Bh5 Bxd4 22. Nf3
Bg7 23. Bxg6 Bxg6 24. Rxe6 Rc6 25. Re1 d4 26. Ne2 Ng5 27. Nxf4 Bc2 28. Qd2 Nxf3+
29. gxf3 Bf5 30. Kh1 Rc2 31. Qb4 Rxf2 32. Rg1 Rf7 33. Nh5 Qh4 34. Nf4 Bxh3 35.
Qe1 Rxf4 36. Rxg7+ Kxg7 37. Qe5+ Rf6 38. Qe7+ Kg6 39. Rg1+ Bg2+ 40. Rxg2+ Rxg2
41. Kxg2 Qg5+ 42. Bg3 Qf5 43. Qxb7 d3 44. Bh4 Rf7 45. Qb8 Kh7 46. Qa8 d2 0-1

[Event "PRO League KO Stage 2020"]
[Site "chess.com INT"]
[Date "2020.03.04"]
[Round "1"]
[White "Fedoseev, Vladimir3"]
[Black "Bacrot, Etienne"]
[Result "1/2-1/2"]
[WhiteTitle "GM"]
[BlackTitle "GM"]
[WhiteElo "2678"]
[BlackElo "2673"]
[WhiteTeam "New York Marshalls"]
[BlackTeam "France Roosters"]
[WhiteFideId "24130737"]
[BlackFideId "605506"]
[EventDate "2020.03.02"]

1. d4 d5 2. c4 e6 3. Nf3 Nf6 4. g3 Be7 5. Bg2 O-O 6. O-O dxc4 7. Qc2 b6 8. Ne5
Qxd4 9. Bxa8 Qxe5 10. Bf3 Nd5 11. Qxc4 Ba6 12. Qa4 c5 13. Na3 Qc7 14. Rd1 Qc8
15. Bd2 Bf6 16. e4 Ne7 17. Bc3 Nbc6 18. Rac1 Bxc3 19. bxc3 Ne5 20. Bg2 N7c6 21.
f4 Nd3 22. Rb1 Na5 23. c4 Nb4 24. Nb5 Nbc6 25. Nxa7 Nxa7 26. Rxb6 N7c6 27. e5
Bb7 28. Rd6 h6 29. Qb5 Ba8 30. Bxc6 Nxc6 31. Rbxc6 Bxc6 32. Qxc6 Qxc6 33. Rxc6
Ra8 34. Rxc5 g5 35. fxg5 hxg5 36. Kg2 Rxa2+ 37. Kf3 Kg7 38. Kg4 Rxh2 39. Kxg5
Rf2 40. g4 Rc2 41. Rc7 Rc1 42. Kf4 Kg6 43. Rc8 Rc2 44. Ke4 Kg5 45. Rg8+ Kh6 46.
Kd4 Rd2+ 47. Kc5 Kh7 48. Rg5 Kh6 49. Rh5+ Kg6 50. Kb6 Rd4 51. c5 Rxg4 52. Rh1
Kf5 53. Re1 Rb4+ 54. Kc7 f6 55. exf6 Kxf6 56. c6 e5 57. Kd6 Rd4+ 58. Kc5 Rd2 59.
c7 Rc2+ 60. Kd6 Rd2+ 61. Kc6 Rc2+ 62. Kd7 Rd2+ 63. Kc8 Rc2 64. Rb1 e4 65. Kb7
Ke5 66. Kb6 Kf4 67. Rb5 Rxc7 68. Kxc7 e3 69. Rb2 Kf3 70. Kd6 e2 71. Rxe2 Kxe2 1/2-1/2